000 00774nas a2200253 4500
001 BR0604142
003 BR-BrBNA
005 20231205110420.0
007 ta
008 230509b bl.|||p| |||| 00| 00por d
040 _aBR-BrBNA
_bpor
_cBiblioteca Nacional de Agricultura
041 _a(Pt)
072 _aF02
100 1 _aRodrigues, M. de M.
100 1 _aMelo, M. das D.
100 1 _aAloufa, M.A.I.
245 1 _aPropagação vegetativa in vitro e análise estrutural de macieira
650 _aMAÇÃ
650 _aPROPAGAÇÃO VEGETATIVA
650 _aCULTURA IN VITRO
773 0 _tPesquisa Agropecuária Brasileira (Brazil)
_xISSN 0100-204X
_g(Jan 2006), v. 41(1) p. 171-173
_wBR0604142
909 _a202311
_bLúcia
_c55
_dLúcia Elande
942 _2AGRIS
_n0
_cANA
999 _c187302
_d187302